Statistics for Name every Sofia Coppola film.

Click here to take the quiz!

General Stats

  • This quiz has been taken 11 times
  • The average score is 4 of 8

Answer Stats

HintAnswer% Correct
2003Lost in Translation
100%
1999The Virgin Suicides
67%
2006Marie Antoinette
67%
2013The Bling Ring
67%
2010Somewhere
33%
2015 (TV)A Very Murray Christmas
33%
2017The Beguiled
33%
2020On The Rocks
33%

Score Distribution

Percentile by Number Answered

Percent of People with Each Score

Your Score History

You have not taken this quiz